[Event "Tournoi francophone 014 Groupe F"]
[Site "Skype"]
[Date "????.??.??"]
[Round "3.9"]
[White "Porcabeuf, Jean-Marc"]
[Black "Gagnon, Sindy"]
[Result "1-0"]
[WhiteElo "1229"]
[BlackElo "1043"]
[PlyCount "35"]

1. e4 e5 2. Nf3 d6 3. d4 Nd7 4. Nc3 Ne7 5. Bc4 c6 6. O-O g6 7. Bg5 Bg7 8. d5
Qc7 9. b3 O-O 10. Bxe7 Re8 11. Bg5 f6 12. Be3 Rf8 13. dxc6+ d5 14. cxd7 Qxd7
15. Bxd5+ Kh8 16. Qd2 h6 17. Bxh6 Bxh6 18. Qxh6+ 1-0

[Event "Tournoi francophone 014 Groupe F"]
[Site "Skype"]
[Date "????.??.??"]
[Round "3.11"]
[White "Tachnakian, Alain"]
[Black "Hampton, Irene"]
[Result "1-0"]
[WhiteElo "1000"]
[BlackElo "1000"]
[PlyCount "111"]

1. e4 Nf6 2. e5 Nd5 3. Bc4 e6 4. Nf3 Bc5 5. d4 Bb6 6. Bg5 f6 7. Bxd5 fxg5 8.
Be4 d5 9. Bd3 Qe7 10. c4 c6 11. cxd5 c5 12. Nfd2 Nd7 13. Qh5+ Kf8 14. Nf3 h6
15. Nh4 gxh4 16. Qf3+ Ke8 17. Bg6+ Kd8 18. d6 Ba5+ 19. b4 Bxb4+ 20. Nd2 Qg5 21.
O-O-O Qxg6 22. Qe3 Qh5 23. g4 Qxg4 24. f3 Qxd4 25. Qxd4 cxd4 26. Rhg1 Rg8 27.
Rg6 Nf8 28. Rg2 g5 29. Nc4 b5 30. Ne3 Ng6 31. Rxd4 Bc5 32. Re4 Bb7 33. Reg4
Bxe3+ 34. Kd1 Nxe5 35. Re4 Bxe4 36. fxe4 Rc8 37. Ke2 Nc4 38. Kd3 Rc6 39. Rc2
Rxd6+ 40. Kc3 Kd7 41. Kb4 a6 42. a4 Kc6 43. axb5+ axb5 44. Ra2 Kb6 45. e5 Rd2
46. Rxd2 Bxd2+ 47. Kb3 Ra8 48. Kc2 Ra1 49. Kd3 Re1 50. Kc2 Kc5 51. Kd3 Re3+ 52.
Kc2 Kd4 53. Kd1 Re1+ 54. Kc2 Rc1+ 55. Kb3 Kd3 56. Ka2 1-0

[Event "Tournoi francophone 014 Groupe F"]
[Site "Skype"]
[Date "????.??.??"]
[Round "4.1"]
[White "Tinti, Jacopo"]
[Black "Ibanez, Bittor"]
[Result "0-1"]
[WhiteElo "1000"]
[BlackElo "1000"]
[PlyCount "66"]

1. d4 f5 2. Bf4 Nf6 3. Nd2 e6 4. e3 Be7 5. Bd3 O-O 6. Ngf3 Nh5 7. O-O Nxf4 8.
exf4 d6 9. c3 a5 10. a4 Bd7 11. Re1 d5 12. Ne5 Be8 13. Ndf3 h6 14. h3 Bf6 15.
Qe2 Bh5 16. Qe3 Bxe5 17. Nxe5 Nd7 18. Qg3 Nxe5 19. fxe5 f4 20. Bh7+ Kxh7 21.
Qd3+ Bg6 22. Qf3 Be4 23. Qg4 Rf5 24. f3 Rg5 25. Qh4 Bxf3 26. Qxf4 Rxg2+ 27. Kf1
Be4 28. Re2 Qf8 29. Qxf8 Rxf8+ 30. Ke1 Rg1+ 31. Kd2 Rxa1 32. h4 Rf3 33. b3 Ra2+
0-1

[Event "Tournoi francophone 014 Groupe F"]
[Site "Skype"]
[Date "????.??.??"]
[Round "4.2"]
[White "Abate, Luigi"]
[Black "Yepez, German"]
[Result "0-1"]
[WhiteElo "1189"]
[BlackElo "1000"]
[PlyCount "70"]

1. d4 d5 2. c4 e6 3. Nc3 Nf6 4. Bf4 Bd7 5. Nb5 Bxb5 6. cxb5 Be7 7. Qd2 Qd7 8.
e3 Nh5 9. Be5 f6 10. Bg3 Nxg3 11. hxg3 Qd6 12. Nf3 Qb4 13. Qxb4 Bxb4+ 14. Kd1
Nd7 15. a3 Bd6 16. Rc1 Nb6 17. g4 g5 18. Rh6 Kf7 19. g3 Rac8 20. a4 Bb4 21. a5
Nc4 22. Bxc4 dxc4 23. Rxc4 Bxa5 24. Ra4 Bb6 25. e4 c5 26. bxc6 Rxc6 27. d5 Rd6
28. Ke2 exd5 29. exd5 Rxd5 30. Nd2 Re8+ 31. Kd1 Kg7 32. Rh1 Bxf2 33. Rh3 b5 34.
Ra6 Red8 35. Rh2 Rxd2+ 0-1

[Event "Tournoi francophone 014 Groupe F"]
[Site "Skype"]
[Date "????.??.??"]
[Round "4.3"]
[White "Schnell, Nicolas"]
[Black "Dib, Catherine"]
[Result "0-1"]
[WhiteElo "1099"]
[BlackElo "1070"]
[PlyCount "68"]

1. e4 c5 2. Nc3 Nc6 3. Bc4 a6 4. Nf3 h6 5. O-O Nf6 6. Nh4 e6 7. Be2 Be7 8. Nf3
d6 9. d3 O-O 10. Be3 d5 11. e5 Nd7 12. Qd2 Kh7 13. d4 cxd4 14. Nxd4 Ncxe5 15.
Bh5 Nc4 16. Qd3+ Kg8 17. Bxh6 Nf6 18. Qg3 Nxh5 19. Qg4 Bf6 20. Be3 Nxe3 21.
fxe3 e5 22. Qxh5 exd4 23. Nxd5 Bg5 24. Rae1 Qxd5 25. Ra1 Bxe3+ 26. Rf2 Qxh5 27.
Raf1 Bxf2+ 28. Rxf2 Qd1+ 29. Rf1 Qxc2 30. h3 Re8 31. Kh2 Re2 32. h4 Rxg2+ 33.
Kh1 Rh2+ 34. Kg1 Qg2# 0-1

[Event "Tournoi francophone 014 Groupe F"]
[Site "Skype"]
[Date "????.??.??"]
[Round "4.4"]
[White "Rodriguez Tovar, Liliana"]
[Black "Coude, Josue"]
[Result "1-0"]
[WhiteElo "1000"]
[BlackElo "1078"]
[PlyCount "67"]

1. d4 d5 2. e3 e6 3. Nf3 Nf6 4. Bd3 Bb4+ 5. c3 Ba5 6. O-O O-O 7. b4 Bb6 8. Bb2
Nc6 9. Nbd2 a5 10. a3 axb4 11. cxb4 Bd7 12. h3 Qe7 13. Rc1 h6 14. b5 Na7 15. a4
Qb4 16. Qc2 c6 17. Bc3 Qd6 18. a5 Bc7 19. b6 Bxb6 20. axb6 Nc8 21. e4 dxe4 22.
Nxe4 Nxb6 23. Nxd6 Rab8 24. d5 exd5 25. Bxf6 gxf6 26. Qd2 Be6 27. Qxh6 Rfd8 28.
Qh7+ Kf8 29. Qh6+ Ke7 30. Nxf7 Bxf7 31. Rfe1+ Kd6 32. Qxf6+ Kd7 33. Qxf7+ Kd6
34. Re6# 1-0

[Event "Tournoi francophone 014 Groupe F"]
[Site "Skype"]
[Date "????.??.??"]
[Round "4.5"]
[White "Montilla Bejarano, Carmen"]
[Black "Porcabeuf, Jean-Marc"]
[Result "1-0"]
[WhiteElo "1073"]
[BlackElo "1229"]
[PlyCount "25"]

1. e4 e6 2. c4 d5 3. e5 c5 4. d4 Ne7 5. Bg5 f6 6. exf6 gxf6 7. Qh5+ Ng6 8. Bh4
Nc6 9. Bd3 Rg8 10. Qxh7 Nxd4 11. Bxg6+ Rxg6 12. Qxg6+ Ke7 13. Bxf6+ 1-0

[Event "Tournoi francophone 014 Groupe F"]
[Site "Skype"]
[Date "????.??.??"]
[Round "4.6"]
[White "Tolaro, Filippa"]
[Black "Ortis, Yves"]
[Result "1/2-1/2"]
[WhiteElo "1065"]
[BlackElo "1000"]
[PlyCount "45"]

1. Nf3 Nc6 2. d4 Nf6 3. d5 Nb4 4. c4 d6 5. a3 Na6 6. e4 Nxe4 7. Bd3 Bf5 8. Nbd2
Nac5 9. Bc2 g6 10. O-O Bg7 11. Re1 Nxd2 12. Bxf5 Nxf3+ 13. Qxf3 gxf5 14. Qxf5
e6 15. dxe6 O-O 16. e7 Re8 17. exd8=Q Raxd8 18. Be3 Re5 19. Qf3 Nd3 20. Red1
Nxb2 21. Rd5 Re6 22. Rc1 c6 23. Rf5 1/2-1/2

[Event "Tournoi francophone 014 Groupe F"]
[Site "Skype"]
[Date "????.??.??"]
[Round "4.7"]
[White "Canova, Felix"]
[Black "Trapletti, Cosetta"]
[Result "0-1"]
[WhiteElo "1000"]
[BlackElo "1026"]
[PlyCount "90"]

1. d4 c6 2. c4 Nf6 3. Nc3 d5 4. Nf3 Bf5 5. g3 Nbd7 6. Bg2 e6 7. Bd2 Be7 8. O-O
dxc4 9. Ne5 O-O 10. Bf4 h6 11. Na4 Nxe5 12. dxe5 Nd5 13. e3 Qd7 14. Nc5 Bxc5
15. Rc1 b5 16. b3 Bb4 17. bxc4 bxc4 18. Rxc4 Qc7 19. Qb1 Bxb1 20. Rxb1 a5 21.
e4 Nc3 22. Rb2 Ne2+ 23. Rxe2 Qd7 24. Bd2 Qd3 25. a3 Qb1+ 26. Re1 Qd3 27. axb4
Qxc4 28. b5 cxb5 29. h3 b4 30. Re3 Rfd8 31. Bf1 a4 32. Bxc4 b3 33. Bb5 b2 34.
Re1 a3 35. Bc6 Rxd2 36. Bxa8 a2 37. Kf1 a1=Q 38. Rxa1 bxa1=Q+ 39. Kg2 Qxa8 40.
Kf3 Qa7 41. Kg4 Qxf2 42. Kh4 Rd3 43. Kg4 Rxg3+ 44. Kh4 Qf4+ 45. Kh5 Qg5# 0-1

[Event "Tournoi francophone 014 Groupe F"]
[Site "Skype"]
[Date "????.??.??"]
[Round "4.8"]
[White "Blanchard, Colette"]
[Black "Esformes, Jacques"]
[Result "1/2-1/2"]
[WhiteElo "1000"]
[BlackElo "1000"]
[PlyCount "117"]

1. d4 d5 2. Bf4 Nf6 3. e3 Bf5 4. Nf3 Bg4 5. Bd3 c6 6. Nbd2 Bxf3 7. Nxf3 e6 8.
c3 Bd6 9. Bg5 Nbd7 10. O-O O-O 11. h3 Qc7 12. Qc2 Ne4 13. Bxe4 dxe4 14. Qxe4 f6
15. Bf4 Rae8 16. Bxd6 Qc8 17. Bxf8 Rxf8 18. Qxe6+ Rf7 19. Qc4 b5 20. Qd3 a6 21.
Rac1 c5 22. b3 c4 23. Qb1 a5 24. Nd2 Nb6 25. bxc4 b4 26. cxb4 Rb7 27. c5 Nd5
28. bxa5 Rxb1 29. Rxb1 h6 30. Nc4 Nc3 31. Rb2 Qa6 32. Rb8+ Kh7 33. Nd2 Qxa5 34.
Rc1 Nxa2 35. Rc4 Qxd2 36. Rd8 Qe1+ 37. Kh2 Nc1 38. Kg3 Ne2+ 39. Kf3 Ng1+ 40.
Kg3 f5 41. d5 Ne2+ 42. Kf3 Nd4+ 43. Rxd4 Qc3 44. c6 h5 45. Kf4 Qe1 46. Kxf5
Qxf2+ 47. Ke6 Qxe3+ 48. Kd7 Qxd4 49. d6 Qf6 50. Kc7 Qf7+ 51. d7 Qf4+ 52. Kc8
Qa4 53. Kb7 Qb4+ 54. Kc7 Qa5+ 55. Kb8 Qb5+ 56. Ka7 Qxc6 57. Kb8 Qd6+ 58. Ka7
Qc5+ 59. Kb8 1/2-1/2

[Event "Tournoi francophone 014 Groupe F"]
[Site "Skype"]
[Date "????.??.??"]
[Round "4.9"]
[White "Douichi, Mohammed"]
[Black "Tachnakian, Alain"]
[Result "1-0"]
[WhiteElo "1203"]
[BlackElo "1000"]
[PlyCount "57"]

1. e4 e5 2. Bc4 Nf6 3. Nc3 d5 4. exd5 e4 5. a3 Bg4 6. f3 exf3 7. Nxf3 Qe7+ 8.
Be2 Bxf3 9. gxf3 Nbd7 10. d4 O-O-O 11. Qd3 Nh5 12. Be3 Ndf6 13. O-O-O Re8 14.
Bf2 Nf4 15. Qf5+ Ne6 16. dxe6 fxe6 17. Qh3 g5 18. d5 Nxd5 19. Nxd5 Qg7 20. Bd4
Qg6 21. Bxh8 Bg7 22. Bxg7 Qxg7 23. Qh5 Qf8 24. Nf6 Re7 25. Qxg5 Rg7 26. Qe5 Re7
27. Bc4 Qf7 28. f4 Kb8 29. Rd8# 1-0

[Event "Tournoi francophone 014 Groupe F"]
[Site "Skype"]
[Date "????.??.??"]
[Round "4.10"]
[White "Moraga Vasquez, Michael"]
[Black "Hampton, Irene"]
[Result "0-1"]
[WhiteElo "1000"]
[BlackElo "1000"]
[PlyCount "50"]

1. e4 e5 2. Nf3 d6 3. Bc4 Be6 4. Bd3 Nf6 5. Nc3 Nbd7 6. Bb5 c6 7. Ba4 Be7 8.
O-O O-O 9. Re1 Rb8 10. d4 b5 11. Bb3 d5 12. Bg5 dxe4 13. Nxe4 Nxe4 14. Rxe4
Bxg5 15. c4 a6 16. dxe5 Qc7 17. Qd3 Nc5 18. Qd1 Nxe4 19. Nxg5 Nxg5 20. Bc2 g6
21. Qd2 Qxe5 22. Re1 Qf6 23. b3 Rbe8 24. h4 Nh3+ 25. Kh2 Qxh4 0-1

[Event "Tournoi francophone 014 Groupe F"]
[Site "Skype"]
[Date "????.??.??"]
[Round "4.11"]
[White "Gagnon, Sindy"]
[Black "Fernandez, Raquel"]
[Result "0-1"]
[WhiteElo "1043"]
[BlackElo "1043"]
[PlyCount "36"]

1. e4 e5 2. Nf3 Nc6 3. c3 Nf6 4. d4 exd4 5. cxd4 d5 6. e5 Ne4 7. Qd2 Nxd2 8.
Bxd2 Bb4 9. a3 Bxd2+ 10. Nbxd2 O-O 11. Bd3 a6 12. O-O b5 13. Rfe1 Re8 14. Re3
Na5 15. Rae1 Be6 16. g3 Nc4 17. b3 Nxe3 18. Rxe3 c6 0-1

[Event "Tournoi francophone 014 Groupe F"]
[Site "Skype"]
[Date "????.??.??"]
[Round "5.1"]
[White "Ibanez, Bittor"]
[Black "Yepez, German"]
[Result "0-1"]
[WhiteElo "1000"]
[BlackElo "1000"]
[PlyCount "122"]

1. g3 e5 2. c4 c6 3. Bg2 Nf6 4. Nc3 Bb4 5. a3 Ba5 6. b4 Bc7 7. Nf3 O-O 8. d4 d6
9. Bg5 h6 10. Bxf6 Qxf6 11. Ne4 Qd8 12. c5 d5 13. Nd6 Bxd6 14. cxd6 Qxd6 15.
dxe5 Qe6 16. O-O b6 17. Qd4 Bb7 18. e4 Nd7 19. exd5 Qxd5 20. Qxd5 cxd5 21. Rac1
Rac8 22. Rfe1 Rxc1 23. Rxc1 Rc8 24. Rxc8+ Bxc8 25. Nd4 Nxe5 26. Bxd5 Bd7 27.
Be4 g5 28. Bf5 Bxf5 29. Nxf5 h5 30. Nh6+ Kf8 31. Nf5 f6 32. h4 Kf7 33. Nd6+ Kg6
34. Nb5 a6 35. Nd4 b5 36. f4 gxf4 37. gxf4 Nc4 38. f5+ Kf7 39. Nc2 Ke7 40. Kf2
Kd6 41. Ke2 Ke5 42. Kd3 Nd6 43. Nd4 Nxf5 44. Nc6+ Kd5 45. Na5 Nxh4 46. Ke3 Ng6
47. Kf3 f5 48. Nb7 h4 49. Nc5 Ne5+ 50. Kg2 f4 51. Nxa6 f3+ 52. Kf2 h3 53. Nc7+
Kc4 54. Kg3 Kd3 55. Nxb5 Ke3 56. Nc3 Ng4 57. Nd5+ Ke4 58. Nf4 h2 59. Ng2 h1=Q
60. Nh4 f2 61. Nf3 Qxf3+ 0-1

[Event "Tournoi francophone 014 Groupe F"]
[Site "Skype"]
[Date "????.??.??"]
[Round "5.2"]
[White "Dib, Catherine"]
[Black "Tinti, Jacopo"]
[Result "0-1"]
[WhiteElo "1070"]
[BlackElo "1000"]
[PlyCount "128"]

1. c4 e5 2. Nc3 Nf6 3. d3 c6 4. Nf3 d6 5. g3 Bf5 6. Bg2 Be7 7. O-O Qc8 8. e4
Bh3 9. d4 Bxg2 10. Kxg2 Qg4 11. Re1 Qh5 12. h3 Qg6 13. Nh4 Qh5 14. Be3 g5 15.
Nf5 Qg6 16. Qf3 g4 17. hxg4 Nxg4 18. Rh1 h5 19. Nh4 Qg7 20. Nf5 Qg6 21. Rad1
Nd7 22. Qe2 O-O-O 23. f3 Kb8 24. fxg4 hxg4 25. Nxe7 Qf6 26. Nf5 Rdg8 27. Rdf1
exd4 28. Nxd4 Qe5 29. Qf2 Rg7 30. Rxh8+ Kc7 31. Nf5 Rg6 32. Nh4 Rf6 33. Bf4 Qe6
34. Qe3 Qxc4 35. Rd1 Qe6 36. Nf5 Ne5 37. Qd4 Nc4 38. Bxd6+ Nxd6 39. Qxd6+ Qxd6
40. Rxd6 Rxd6 41. Nxd6 Kxd6 42. Rd8+ Kc7 43. Rf8 b5 44. Rxf7+ Kb6 45. Rf6 a5
46. e5 b4 47. Na4+ Kb5 48. Rf4 Kxa4 49. e6 Kb5 50. e7 a4 51. e8=Q a3 52. Qb8+
Kc5 53. Qxb4+ Kd5 54. Qd4+ Ke6 55. Qe4+ Kd6 56. Qd3+ Kc7 57. Rf6 Kb6 58. Qd6
Kb5 59. Qxc6+ Kb4 60. b3 Ka5 61. Qb5+ Kxb5 62. Rf5+ Kc6 63. Rf6+ Kd5 64. Rf5+
Ke6 0-1

[Event "Tournoi francophone 014 Groupe F"]
[Site "Skype"]
[Date "????.??.??"]
[Round "5.4"]
[White "Douichi, Mohammed"]
[Black "Montilla Bejarano, Carmen"]
[Result "1-0"]
[WhiteElo "1203"]
[BlackElo "1073"]
[PlyCount "51"]

1. c4 d5 2. Nc3 Nf6 3. Nf3 Nc6 4. d4 e6 5. Bg5 Be7 6. cxd5 exd5 7. g3 h6 8.
Bxf6 Bxf6 9. Bg2 Be6 10. O-O Qd7 11. Re1 O-O-O 12. e4 dxe4 13. Nxe4 Bxd4 14.
Nxd4 Nxd4 15. Nc5 Qb5 16. Bxb7+ Kb8 17. Qc1 Bg4 18. Ba6 Nf3+ 19. Kh1 Qb6 20.
Re3 Rd5 21. Rb3 Rhd8 22. Rxb6+ axb6 23. Nd3 Ng5 24. Qc6 Bf3+ 25. Kg1 Be2 26.
Qb7# 1-0

[Event "Tournoi francophone 014 Groupe F"]
[Site "Skype"]
[Date "????.??.??"]
[Round "5.5"]
[White "Ortis, Yves"]
[Black "Abate, Luigi"]
[Result "1-0"]
[WhiteElo "1000"]
[BlackElo "1189"]
[PlyCount "69"]

1. e4 Nc6 2. Nf3 e5 3. Bb5 a6 4. Ba4 Bc5 5. O-O Nf6 6. Nc3 O-O 7. d3 h6 8. h3
Re8 9. a3 b5 10. Bb3 d6 11. Re1 Bb7 12. Be3 Bxe3 13. Rxe3 Nd4 14. Ba2 Qd7 15.
Nh4 Rad8 16. Rg3 d5 17. Nxd5 Bxd5 18. exd5 Nxd5 19. Bxd5 Qxd5 20. Qg4 g5 21.
Qh5 Qe6 22. Nf3 Ne2+ 23. Kh2 Nxg3 24. Kxg3 Kh7 25. Nxg5+ Kh8 26. Nxe6 fxe6 27.
Qxh6+ Kg8 28. Re1 Rd5 29. Re4 Rd4 30. Re3 Kf7 31. Rf3+ Rf4 32. Qh7+ Kf6 33. Kh2
Re7 34. Qh8+ Kf5 35. Qf8+ 1-0

[Event "Tournoi francophone 014 Groupe F"]
[Site "Skype"]
[Date "????.??.??"]
[Round "5.6"]
[White "Esformes, Jacques"]
[Black "Schnell, Nicolas"]
[Result "1-0"]
[WhiteElo "1000"]
[BlackElo "1099"]
[PlyCount "95"]

1. d4 e6 2. Bf4 c6 3. e3 Bb4+ 4. c3 Ba5 5. b4 Bb6 6. Bd3 Nf6 7. h3 Nd5 8. Bg3
O-O 9. e4 Nf6 10. Nf3 d5 11. Nbd2 Nbd7 12. e5 Nxe5 13. Bxe5 Bc7 14. h4 Nh5 15.
Ng5 g6 16. g4 Nf4 17. Bxf4 Bxf4 18. Ndf3 e5 19. Qc2 exd4 20. Nxd4 Re8+ 21. Ne2
Bxg4 22. Rg1 Bh5 23. Kf1 Qe7 24. Nxf4 Bf3 25. Nxf3 Rad8 26. Re1 Qd7 27. Rxe8+
Rxe8 28. Kg2 Qg4+ 29. Kf1 Qxf3 30. Qd2 d4 31. Rg3 Qh1+ 32. Rg1 Qxh4 33. Ne2 Re6
34. Qf4 Qh3+ 35. Rg2 dxc3 36. Qb8+ Kg7 37. Qd8 Qh1+ 38. Rg1 Qh3+ 39. Ke1 Qh2
40. Qg5 c2 41. Bxc2 Qd6 42. Qd2 Qe5 43. Bd3 Qa1+ 44. Qd1 Qc3+ 45. Qd2 Qa1+ 46.
Qd1 Qxa2 47. f3 Qd5 48. Rg2 1-0

[Event "Tournoi francophone 014 Groupe F"]
[Site "Skype"]
[Date "????.??.??"]
[Round "5.7"]
[White "Coude, Josue"]
[Black "Tolaro, Filippa"]
[Result "1/2-1/2"]
[WhiteElo "1078"]
[BlackElo "1065"]
[PlyCount "108"]

1. e4 c6 2. Bc4 d5 3. exd5 cxd5 4. Bb5+ Nc6 5. d4 Nf6 6. Nf3 Bg4 7. h3 Bxf3 8.
Qxf3 e6 9. O-O Bd6 10. c3 O-O 11. Re1 a6 12. Ba4 b5 13. Bb3 Re8 14. Bg5 Be7 15.
Nd2 b4 16. a3 a5 17. Bxf6 Bxf6 18. axb4 Bg5 19. Qd3 g6 20. b5 Ne7 21. Nf3 Bf4
22. g3 Bc7 23. c4 dxc4 24. Qxc4 Nd5 25. Qc6 Nb4 26. Qc4 h5 27. Rac1 g5 28. Qxc7
Qxc7 29. Rxc7 a4 30. Bc4 a3 31. bxa3 Rxa3 32. Nxg5 Rf8 33. b6 Nc2 34. Rd1 Ra5
35. Bd3 Rxg5 36. Bxc2 f5 37. h4 Rg6 38. Rb1 Rgf6 39. b7 Rb8 40. Rc8+ Rf8 41.
Rxb8 Rxb8 42. Rb6 Kf8 43. Bd1 Ke7 44. Bf3 Kd7 45. Ra6 Kc7 46. Ra8 Rxb7 47. Bxb7
Kxb7 48. Re8 Kc6 49. Rxe6+ Kd5 50. Rh6 Kxd4 51. Rxh5 Ke5 52. Rxf5+ Kxf5 53. h5
Kg5 54. Kh2 Kxh5 1/2-1/2

[Event "Tournoi francophone 014 Groupe F"]
[Site "Skype"]
[Date "????.??.??"]
[Round "5.8"]
[White "Porcabeuf, Jean-Marc"]
[Black "Blanchard, Colette"]
[Result "0-1"]
[WhiteElo "1229"]
[BlackElo "1000"]
[PlyCount "92"]

1. d4 d5 2. c4 c6 3. Nf3 Nf6 4. Bf4 Bf5 5. a3 e6 6. Nc3 Bd6 7. Bg3 Bxg3 8. hxg3
Nbd7 9. e3 Qb6 10. b4 a6 11. Na4 Qc7 12. c5 Rb8 13. Nh4 Be4 14. f3 b5 15. cxb6
Qxg3+ 16. Kd2 Bg6 17. Rh3 Qg5 18. Ra2 O-O 19. Kc1 Nh5 20. Bxa6 Nxb6 21. Nc5
Qxe3+ 22. Rd2 Nc4 23. Bxc4 dxc4 24. f4 Qxf4 25. Nd7 c3 26. Rxc3 Rbc8 27. Nxf8
Kxf8 28. Nf3 Be4 29. Ne5 f6 30. Qxh5 fxe5 31. Qe2 exd4 32. Rc4 e5 33. b5 c5 34.
b6 Bd3 35. Rxc5 Bxe2 36. Rxc8+ Kf7 37. Kc2 Ba6 38. Kb1 Qe4+ 39. Ka2 Bxc8 40.
Rb2 Qe1 41. Rb1 Qa5 42. Rb3 Qd5 43. a4 d3 44. Ka3 d2 45. Rc3 d1=Q 46. Rxc8
Q5b3# 0-1

[Event "Tournoi francophone 014 Groupe F"]
[Site "Skype"]
[Date "????.??.??"]
[Round "5.9"]
[White "Hampton, Irene"]
[Black "Canova, Felix"]
[Result "0-1"]
[WhiteElo "1000"]
[BlackElo "1000"]
[PlyCount "88"]

1. d4 Nf6 2. Nf3 g6 3. e3 Bg7 4. Bc4 d5 5. Bb3 O-O 6. O-O Nc6 7. Nc3 Bg4 8. h3
Bxf3 9. Qxf3 e6 10. Re1 Na5 11. Ba4 a6 12. b4 Nc4 13. Bb3 Nb6 14. a4 Qe7 15. b5
axb5 16. Ba3 b4 17. Nxd5 Nfxd5 18. Bb2 Qf6 19. Qg3 h6 20. e4 Nf4 21. e5 Qg5 22.
Qg4 Qxg4 23. hxg4 g5 24. f3 Nd3 25. cxd3 c6 26. Bc1 Rfd8 27. Be3 c5 28. a5 cxd4
29. Bd2 Nd7 30. Bxb4 Nxe5 31. Bc2 Nc6 32. Ra4 Rxa5 33. Bxa5 Ra8 34. Bc7 Rc8 35.
Bg3 b5 36. Ra6 Nb4 37. Rea1 Nxc2 38. R1a5 Nb4 39. Rd6 Bf8 40. Ra7 Bxd6 41. Bxd6
Nc6 42. Rd7 Rd8 43. Rxd8+ Nxd8 44. f4 gxf4 0-1

[Event "Tournoi francophone 014 Groupe F"]
[Site "Skype"]
[Date "????.??.??"]
[Round "5.11"]
[White "Gagnon, Sindy"]
[Black "Moraga Vasquez, Michael"]
[Result "0-1"]
[WhiteElo "1043"]
[BlackElo "1000"]
[PlyCount "37"]

1. e4 e5 2. c3 Nf6 3. d4 Nc6 4. Nf3 Bd6 5. dxe5 Nxe5 6. Qd4 Nxf3+ 7. gxf3 O-O
8. f4 Re8 9. e5 Be7 10. exf6 Bxf6+ 11. Be3 Bxd4 12. cxd4 b6 13. Bd3 Bb7 14. Rg1
d6 15. Nd2 Qh4 16. Rg2 Bxg2 17. Ke2 Qh5+ 18. f3 Qxh2 19. Rg1 0-1

[Event "Tournoi francophone 014 Groupe F"]
[Site "Skype"]
[Date "????.??.??"]
[Round "6.1"]
[White "Yepez, German"]
[Black "Rodriguez Tovar, Liliana"]
[Result "0-1"]
[WhiteElo "1000"]
[BlackElo "1000"]
[PlyCount "58"]

1. e4 e6 2. d4 d5 3. e5 c5 4. c3 Nc6 5. Nf3 Qb6 6. Qb3 Qxb3 7. axb3 Nge7 8. b4
Nf5 9. Bd3 cxd4 10. Bxf5 exf5 11. cxd4 Bxb4+ 12. Bd2 Be7 13. Bc3 O-O 14. O-O b5
15. Rc1 b4 16. Be1 Bd7 17. Nbd2 a5 18. b3 f6 19. Rc2 fxe5 20. dxe5 d4 21. Nc4
Be6 22. Nb6 Rab8 23. Rxc6 Bxb3 24. Nxd4 Bf7 25. Nd7 Rbd8 26. Nxf8 Rxd4 27. Nd7
Rxd7 28. Rxa5 b3 29. Bc3 Rd1+ 0-1

[Event "Tournoi francophone 014 Groupe F"]
[Site "Skype"]
[Date "????.??.??"]
[Round "6.2"]
[White "Ibanez, Bittor"]
[Black "Douichi, Mohammed"]
[Result "1-0"]
[WhiteElo "1000"]
[BlackElo "1203"]
[PlyCount "83"]

1. g3 e5 2. Bg2 Nf6 3. c4 e4 4. d4 d5 5. Bg5 Qe7 6. c5 Nbd7 7. Nc3 h6 8. Bxf6
Nxf6 9. Nb5 Bf5 10. e3 c6 11. Nd6+ Kd7 12. Nxf5 Qe6 13. Qb3 Kc7 14. Bh3 Qe8 15.
Qb4 Rd8 16. a4 g6 17. Nd6 Bxd6 18. cxd6+ Rxd6 19. Qc5 b6 20. Qa3 a5 21. b4 Qa8
22. b5 g5 23. Bf5 Rhd8 24. Rc1 Ng8 25. Ne2 Ne7 26. Bg4 f5 27. Bh5 Rc8 28. h4 g4
29. Nf4 Kd7 30. Ng6 Nxg6 31. Bxg6 Rxg6 32. O-O cxb5 33. Rxc8 Qxc8 34. axb5 Qa8
35. Rc1 Rg8 36. Rc6 h5 37. Rxb6 Rc8 38. Rd6+ Ke8 39. Re6+ Kf7 40. Qe7+ Kg8 41.
Rg6+ Kh8 42. Qg7# 1-0

[Event "Tournoi francophone 014 Groupe F"]
[Site "Skype"]
[Date "????.??.??"]
[Round "6.3"]
[White "Tinti, Jacopo"]
[Black "Ortis, Yves"]
[Result "0-1"]
[WhiteElo "1000"]
[BlackElo "1000"]
[PlyCount "86"]

1. c4 g6 2. g3 Bg7 3. Bg2 c6 4. Nf3 d6 5. Nc3 e6 6. O-O Ne7 7. d4 O-O 8. e4 Nd7
9. Bg5 h6 10. Bxe7 Qxe7 11. d5 Nc5 12. Re1 e5 13. Nd2 Nd3 14. Re2 Bg4 15. Nf3
Nc5 16. b4 Na6 17. a3 Nc7 18. h3 Bxf3 19. Bxf3 a6 20. Bg2 f5 21. f4 Qf6 22. Qd2
Rae8 23. c5 Rd8 24. Rb1 exf4 25. gxf4 Rfe8 26. a4 Qxc3 27. Qxc3 Bxc3 28. Rc2
Bd4+ 29. Kh2 fxe4 30. Rf1 Nxd5 31. f5 Ne3 32. Rd2 Nxf1+ 33. Bxf1 Be5+ 34. Kh1
gxf5 35. Bc4+ d5 36. Rg2+ Kh8 37. Be2 Rg8 38. Rf2 Rg5 39. h4 Bg3 40. Rf1 Bxh4
41. Kh2 Bg3+ 42. Kh3 Rdg8 43. Kg2 Bh4+ 0-1

[Event "Tournoi francophone 014 Groupe F"]
[Site "Skype"]
[Date "????.??.??"]
[Round "6.4"]
[White "Esformes, Jacques"]
[Black "Dib, Catherine"]
[Result "1-0"]
[WhiteElo "1000"]
[BlackElo "1070"]
[PlyCount "122"]

1. d4 Nf6 2. f3 g6 3. Bf4 Bg7 4. c3 O-O 5. g4 d6 6. h3 Nbd7 7. e3 e5 8. Bg3 b6
9. Bd3 Bb7 10. e4 c5 11. Ne2 Ne8 12. O-O cxd4 13. cxd4 exd4 14. Nxd4 Bxd4+ 15.
Bf2 Bxb2 16. Nd2 Bxa1 17. Qxa1 Nef6 18. Bh4 Kg7 19. e5 dxe5 20. g5 Nd5 21. Ne4
f6 22. f4 Rc8 23. fxe5 Nxe5 24. gxf6+ Nxf6 25. Qxe5 Qd5 26. Qxd5 Bxd5 27. Nxf6
Rxf6 28. Bxf6+ Kf8 29. Bd4+ Ke7 30. Bf6+ Kd7 31. Bb5+ Bc6 32. Rd1+ Kc7 33. Ba6
Bb7 34. Be5+ Kc6 35. Rc1+ Kd7 36. Rd1+ Kc6 37. Rc1+ Kd7 38. Rxc8 Bxc8 39. Bb5+
Kd8 40. Bf6+ Kc7 41. Bc4 Bxh3 42. Kh2 Bf5 43. a3 h5 44. Kg3 a5 45. Kf4 Kc6 46.
Ke3 b5 47. Bf7 Be4 48. Bxg6 Bf3 49. Bxh5 Kc5 50. Bxf3 b4 51. Be7+ Kc4 52. Be2+
Kc3 53. Bf6+ Kb3 54. axb4 axb4 55. Bd1+ Ka3 56. Bf3 b3 57. Be4 b2 58. Bb1 Kb3
59. Kf4 Ka3 60. Ke3 Kb3 61. Kd2 Ka3 1-0

[Event "Tournoi francophone 014 Groupe F"]
[Site "Skype"]
[Date "????.??.??"]
[Round "6.5"]
[White "Canova, Felix"]
[Black "Coude, Josue"]
[Result "0-1"]
[WhiteElo "1000"]
[BlackElo "1078"]
[PlyCount "80"]

1. e4 e5 2. Nf3 Nf6 3. d4 exd4 4. e5 Ng8 5. Bg5 Be7 6. Bxe7 Qxe7 7. Be2 Nc6 8.
O-O d6 9. exd6 cxd6 10. c3 dxc3 11. Nxc3 a6 12. Re1 Be6 13. b3 Nf6 14. Bd3 O-O
15. Ng5 h6 16. Nxe6 fxe6 17. a4 Rac8 18. Bg6 Ne5 19. b4 Nxg6 20. Ne4 Nxe4 21.
Rxe4 Rf4 22. Rxf4 Nxf4 23. Rb1 d5 24. Qf3 Rf8 25. a5 Qg5 26. Rd1 h5 27. Qg3
Ne2+ 28. Kf1 Nxg3+ 29. Kg1 Ne2+ 30. Kf1 Nc3 31. Re1 Qd2 32. f3 Qd3+ 33. Kf2 g5
34. Re3 Nd1+ 35. Ke1 Nxe3 36. Kf2 Rf4 37. g4 Rd4 38. gxh5 Qd2+ 39. Kg3 Nf5+ 40.
Kh3 Rh4# 0-1

[Event "Tournoi francophone 014 Groupe F"]
[Site "Skype"]
[Date "????.??.??"]
[Round "6.6"]
[White "Montilla Bejarano, Carmen"]
[Black "Blanchard, Colette"]
[Result "1-0"]
[WhiteElo "1073"]
[BlackElo "1000"]
[PlyCount "67"]

1. e4 d6 2. Nf3 Nf6 3. Qe2 g6 4. e5 Nd5 5. exd6 cxd6 6. Qb5+ Nd7 7. Qxd5 Nf6 8.
Bb5+ Nd7 9. Ng5 e6 10. Qd4 Qxg5 11. Bxd7+ Bxd7 12. g3 Rg8 13. h4 Qb5 14. Qe3 b6
15. Nc3 Qa6 16. Nd5 Be7 17. Nc7+ Kf8 18. Nxa6 Rc8 19. Qh6+ Rg7 20. b3 Bf6 21.
Rb1 Bb5 22. Nb4 a5 23. a4 Bd7 24. Nd3 Kg8 25. Ba3 Be7 26. Bb2 f6 27. O-O Rxc2
28. Rfc1 Rxc1+ 29. Rxc1 Kf7 30. Rc7 Be8 31. Qf4 f5 32. Bxg7 Kxg7 33. Qxd6 Kh6
34. Qxe7 1-0

[Event "Tournoi francophone 014 Groupe F"]
[Site "Skype"]
[Date "????.??.??"]
[Round "6.7"]
[White "Tolaro, Filippa"]
[Black "Trapletti, Cosetta"]
[Result "1-0"]
[WhiteElo "1065"]
[BlackElo "1026"]
[PlyCount "55"]

1. d4 d5 2. Nf3 Nf6 3. e3 c6 4. Bd3 e6 5. b3 Be7 6. Bb2 b6 7. Nbd2 Qd6 8. O-O
h6 9. Ne5 O-O 10. f4 Nbd7 11. c4 c5 12. Rc1 dxc4 13. bxc4 Bb7 14. Nxd7 Qxd7 15.
d5 exd5 16. cxd5 Qxd5 17. Be4 Nxe4 18. Rf3 c4 19. Qe1 Rac8 20. Qg3 Bf6 21. Bxf6
g6 22. Qh4 Kh7 23. Be7 Rg8 24. Bf6 c3 25. Rxc3 Rc6 26. a4 Re6 27. Rf2 Bc6 28.
Qxh6+ 1-0